Central Library OPAC University of Rajshahi

Joseph Andrews and Shamela / (Record no. 56073)

MARC details
000 -LEADER
fixed length control field 01239nam a2200361 a 4500
001 - CONTROL NUMBER
control field 56073
003 - CONTROL NUMBER IDENTIFIER
rucl marc code BD-RjUL
005 - DATE AND TIME OF LATEST TRANSACTION
control field 20211209080341.0
008 - FIXED-LENGTH DATA ELEMENTS--GENERAL INFORMATION
fixed length control field 161126s1961 enk b 000 1 eng
035 ## - SYSTEM CONTROL NUMBER
System control number (BD-RjUL)56197
040 ## - CATALOGING SOURCE
Original cataloging agency DLC
Transcribing agency ODaWU
Modifying agency OCoLC
-- CoCEC
-- BD-RjUL
Language of cataloging eng
041 ## - LANGUAGE CODE
Language code of text/sound track or separate title eng
082 ## - DEWEY DECIMAL CLASSIFICATION NUMBER
Edition number 23
Classification number 823.5
Author mark and year FIJ 1965
100 1# - MAIN ENTRY--PERSONAL NAME
Personal name Fielding, Henry,
Dates associated with a name 1707-1754.
9 (RLIN) 166926
245 10 - TITLE STATEMENT
Title Joseph Andrews and Shamela /
Statement of responsibility, etc. Henry, Fielding,
260 ## - PUBLICATION, DISTRIBUTION, ETC. (IMPRINT)
Place of publication, distribution, etc. London :
Name of publisher, distributor, etc. Houghton Mifflin,
Date of publication, distribution, etc. 1961-1965
300 ## - PHYSICAL DESCRIPTION
Pagination xliv, 370 p. ;
Size 21 cm.
490 0# - SERIES STATEMENT
Series statement Riverside editions,
Volume/sequential designation B53
600 10 - SUBJECT ADDED ENTRY--PERSONAL NAME
Personal name Richardson, Samuel,
Dates associated with a name 1689-1761.
Title of a work Pamela.
650 #0 - SUBJECT ADDED ENTRY--TOPICAL TERM
Topical term or geographic name as entry element Young men
Form subdivision Fiction.
9 (RLIN) 166928
Topical term or geographic name as entry element Household employees
Form subdivision Fiction.
9 (RLIN) 166929
Topical term or geographic name as entry element Male friendship
Form subdivision Fiction.
9 (RLIN) 166930
Topical term or geographic name as entry element Social classes
Form subdivision Fiction.
9 (RLIN) 166931
Topical term or geographic name as entry element Clergy
Form subdivision Fiction.
9 (RLIN) 166932
651 #0 - SUBJECT ADDED ENTRY--GEOGRAPHIC NAME
Geographic name England
Form subdivision Fiction.
9 (RLIN) 163449
700 1# - ADDED ENTRY--PERSONAL NAME
Personal name Battestin, Martin C.,
Relator term ed.
Personal name Fielding, Henry,
Dates associated with a name 1707-1754.
942 ## - ADDED ENTRY ELEMENTS (KOHA)
Source of classification or shelving scheme Dewey Decimal Classification
Koha item type Books
Holdings
Lost status Source of classification or shelving scheme Damaged status Not for loan Collection code Permanent Location Current Location Shelving location Date acquired Source of acquisition Cost, normal purchase price Total Checkouts Full call number Date last seen Copy number Koha item type
  Dewey Decimal Classification     Fiction Central Library, University of Rajshahi Central Library, University of Rajshahi   21/08/1969 Zeitlinger 25.00   823.5 FIJ 1965 26/11/2016 C-2 Books